Воздействие камфорой на candida tropicalis, культуру Кп-1 с целью получения высокоурожайных вариантов; Сборник трудов Всесоюзного научно-исследовательского института гидролиза растительных материалов (ВНИИГидролиз); Том 18

Dades bibliogràfiques
Parent link:Сборник трудов Всесоюзного научно-исследовательского института гидролиза растительных материалов (ВНИИГидролиз)/ Всесоюзный научно-исследовательский институт гидролиза растительных материалов (ВНИИГидролиз).— , 1968-1989
Том 18.— 1969.— С. 158-172
Altres autors: Дмитриев В. В., Мацкевич Н. В., Семушина Т. Н., Токарев Б. И., Штепенко И. Г.
Idioma:rus
Publicat: 1969
Col·lecció:Дрожжевое производство
Format: MixedMaterials Capítol de llibre
KOHA link:https://koha.lib.tpu.ru/cgi-bin/koha/opac-detail.pl?biblionumber=195768

MARC

LEADER 00000naa2a2200000 4500
001 195768
005 20231031182907.0
035 |a (RuTPU)RU\TPU\book\213582 
035 |a RU\TPU\book\213581 
090 |a 195768 
100 |a 20110515d1969 k y0rusy50 ca 
101 0 |a rus 
102 |a RU 
200 1 |a Воздействие камфорой на candida tropicalis, культуру Кп-1 с целью получения высокоурожайных вариантов  |f В. В. Дмитриев [и др.] 
225 1 |a Дрожжевое производство 
320 |a Библиогр.: с. 171-172 (22 назв.) 
461 0 |0 (RuTPU)RU\TPU\book\213513  |t Сборник трудов Всесоюзного научно-исследовательского института гидролиза растительных материалов (ВНИИГидролиз)  |f Всесоюзный научно-исследовательский институт гидролиза растительных материалов (ВНИИГидролиз)  |d 1968-1989 
463 0 |0 (RuTPU)RU\TPU\book\213566  |t Том 18  |f под ред. Н. В. Чалова  |v С. 158-172  |d 1969  |p 294 с. 
701 1 |a Дмитриев  |b В. В. 
701 1 |a Мацкевич  |b Н. В. 
701 1 |a Семушина  |b Т. Н. 
701 1 |a Токарев  |b Б. И. 
701 1 |a Штепенко  |b И. Г. 
801 1 |a RU  |b 63413507  |c 20110515 
801 2 |a RU  |b 63413507  |c 20111012  |g RCR 
942 |c BK